书目信息 |
| 题名: |
收音机电路图集
|
|
| 作者: | 《收音机电路图集》编写组编 | |
| 分册: | ||
| 出版信息: | 北京 人民邮电出版社 1982 |
|
| 页数: | 605页 | |
| 开本: | 25cm | |
| 丛书名: | ||
| 单 册: | ||
| 中图分类: | TN85-64 , TN3-64 | |
| 科图分类: | ||
| 主题词: | 收音机-电路图 , 电路图-收音机 , 半导体技术 | |
| 电子资源: | ||
| ISBN: | ||
| 000 | 00698nam0 2200265 45 | |
| 001 | 0182006777 | |
| 005 | 20040519101725.3 | |
| 010 | @dCNY2.90 | |
| 091 | @a15045.总2547-无6168 | |
| 100 | @a19950510d1982 em y0chiy0121 ea | |
| 101 | 0 | @achi |
| 102 | @aCN@b110000 | |
| 105 | @ay z 000yy | |
| 106 | @ar | |
| 200 | 10 | @a收音机电路图集@Ashou yin ji dian lu tu ji@f《收音机电路图集》编写组编 |
| 210 | @a北京@c人民邮电出版社@d1982 | |
| 215 | @a605页@d25cm | |
| 606 | @a收音机-电路图 | |
| 606 | @a电路图-收音机 | |
| 606 | 0 | @a半导体技术 |
| 690 | @aTN85-64@v3 | |
| 690 | @aTN3-64 | |
| 801 | 0 | @aCN@b上海图书馆@c20040519 |
| 801 | 2 | @aCN@bNLC@c20040519 |
| 905 | @f3@b74262-264@dTN3-64@e16 | |
| 收音机电路图集/《收音机电路图集》编写组编.-北京:人民邮电出版社,1982 |
| 605页;25cm |
| ISBN :CNY2.90 |
| ● |
| 相关链接 |
|
|
|
|
正题名:收音机电路图集
索取号:TN3-64/16
 
预约/预借
| 序号 | 登录号 | 条形码 | 馆藏地/架位号 | 状态 | 备注 |
| 1 | 0074262 | 001351879 | 第三借阅区/ [索取号:TN3-64/16] | 在馆 | |
| 2 | 0074263 | 000700566 | 第二样本阅览室/ [索取号:TN3-64/16] | 在馆 | |
| 3 | 0074264 | 000700496 | 密集书库/ [索取号:TN3-64/16] | 在馆 | |
| 4 | 0101278 | 001351913 | 密集书库/ [索取号:TN3-64/16] | 在馆 | |
| 5 | 0277008 | 202172978 | 密集书库/ [索取号:TN3-64/16] | 在馆 | |
| 6 | 0374354 | 203743547 | 密集书库/ [索取号:TN3-64/16] | 在馆 |